[Event "Tata Steel Masters"]
[Site "Wijk aan Zee"]
[Date "2016.01.31"]
[Round "13.2"]
[White "Giri, Anish"]
[Black "Hou, Yifan"]
[Result "1/2-1/2"]
[BlackElo "2673"]
[WhiteElo "2798"]
[LiveChessVersion "1.4.8-SNAPSHOT"]

1. d4 {[%clk 1:40:58]} Nf6 {[%clk 1:40:54]} 2. Nf3 {[%clk 1:41:25]} e6
{[%clk 1:41:11]} 3. Bf4 {[%clk 1:41:47]} d5 {[%clk 1:39:38]} 4. e3
{[%clk 1:40:24]} c5 {[%clk 1:37:10]} 5. c3 {[%clk 1:33:42]} Nc6 {[%clk 1:37:30]}
6. Nbd2 {[%clk 1:34:08]} Bd6 {[%clk 1:37:45]} 7. Ne5 {[%clk 1:32:33]} Qc7
{[%clk 1:29:30]} 8. Ndf3 {[%clk 1:29:42]} O-O {[%clk 1:10:56]} 9. Bd3
{[%clk 1:25:53]} b6 {[%clk 1:10:13]} 10. Nxc6 {[%clk 1:20:07]} Qxc6
{[%clk 1:05:04]} 11. Ne5 {[%clk 1:13:10]} Qc7 {[%clk 1:05:26]} 12. Qf3
{[%clk 1:12:37]} Ne4 {[%clk 0:49:36]} 13. Nc4 {[%clk 0:54:20]} Bxf4
{[%clk 0:48:23]} 14. Qxf4 {[%clk 0:53:09]} Qxf4 {[%clk 0:48:31]} 15. exf4
{[%clk 0:53:36]} Ba6 {[%clk 0:33:06]} 16. Bxe4 {[%clk 0:52:47]} dxe4
{[%clk 0:33:31]} 17. Nd2 {[%clk 0:42:18]} cxd4 {[%clk 0:33:53]} 18. Nxe4
{[%clk 0:42:42]} f5 {[%clk 0:25:53]} 19. Ng5 {[%clk 0:43:05]} dxc3
{[%clk 0:25:54]} 20. O-O-O {[%clk 0:43:28]} Bc4 {[%clk 0:25:21]} 21. b3
{[%clk 0:38:57]} Bd5 {[%clk 0:20:21]} 22. Rhe1 {[%clk 0:34:58]} Rfe8
{[%clk 0:17:50]} 23. Re3 {[%clk 0:27:06]} Rac8 {[%clk 0:18:18]} 24. Rdd3
{[%clk 0:24:09]} Bxg2 {[%clk 0:15:21]} 25. Rd7 {[%clk 0:12:32]} Red8
{[%clk 0:08:06]} 26. Rxd8+ {[%clk 0:07:13]} Rxd8 {[%clk 0:08:35]} 27. Nxe6
{[%clk 0:07:34]} Rd6 {[%clk 0:08:44]} 28. Ng5 {[%clk 0:07:14]} Bc6
{[%clk 0:08:28]} 29. Rxc3 {[%clk 0:07:06]} h6 {[%clk 0:08:47]} 30. Nh3
{[%clk 0:07:31]} Bb5 {[%clk 0:06:07]} 31. Re3 {[%clk 0:06:57]} Bf1
{[%clk 0:05:33]} 32. Ng1 {[%clk 0:07:16]} Rd4 {[%clk 0:05:40]} 33. Re1
{[%clk 0:07:22]} Bg2 {[%clk 0:01:28]} 34. Ne2 {[%clk 0:03:31]} Re4
{[%clk 0:01:26]} 35. Kd2 {[%clk 0:03:17]} Bf3 {[%clk 0:00:51]} 36. Ng3
{[%clk 0:02:41]} Rxf4 {[%clk 0:00:46]} 37. Re8+ {[%clk 0:01:32]} Kf7
{[%clk 0:01:03]} 38. Ke3 {[%clk 0:01:54]} g5 {[%clk 0:00:48]} 39. Rh8
{[%clk 0:02:13]} Kg7 {[%clk 0:00:36]} 40. Rc8 {[%clk 0:50:38]} Bg4
{[%clk 0:50:46]} 41. Rc7+ {[%clk 0:47:13]} Kf6 {[%clk 0:45:42]} 42. h3
{[%clk 0:47:24]} Rf3+ {[%clk 0:45:44]} 43. Kd4 {[%clk 0:46:58]} Bxh3
{[%clk 0:45:48]} 44. Rc6+ {[%clk 0:47:05]} Ke7 {[%clk 0:34:59]} 45. Rxh6
{[%clk 0:46:16]} Bg4 {[%clk 0:33:30]} 46. Rg6 {[%clk 0:33:09]} Rxf2
{[%clk 0:23:38]} 47. Rxg5 {[%clk 0:33:27]} Kf7 {[%clk 0:18:31]} 48. b4
{[%clk 0:21:51]} Rf3 {[%clk 0:05:11]} 49. Ne2 {[%clk 0:15:11]} Rh3
{[%clk 0:05:35]} 50. Nc3 {[%clk 0:13:08]} Rh8 {[%clk 0:05:59]} 51. Nd5
{[%clk 0:12:37]} Re8 {[%clk 0:05:54]} 52. a3 {[%clk 0:08:55]} Re4+
{[%clk 0:06:09]} 53. Kd3 {[%clk 0:08:21]} Be2+ {[%clk 0:05:52]} 54. Kd2
{[%clk 0:06:32]} Rd4+ {[%clk 0:06:12]} 55. Kxe2 {[%clk 0:07:01]} Rxd5
{[%clk 0:06:37]} 56. Rh5 {[%clk 0:07:18]} Kg6 {[%clk 0:06:37]} 57. Rh8
{[%clk 0:07:37]} Rd7 {[%clk 0:06:50]} 58. a4 {[%clk 0:04:28]} Kf6
{[%clk 0:03:30]} 59. a5 {[%clk 0:04:22]} Ke5 {[%clk 0:03:35]} 60. Rc8
{[%clk 0:17:57]} bxa5 {[%clk 0:17:52]} 61. bxa5 {[%clk 0:18:20]} Rd5
{[%clk 0:18:07]} 62. a6 {[%clk 0:18:31]} Ra5 {[%clk 0:13:51]} 63. Rc6
{[%clk 0:18:52]} Kd5 {[%clk 0:13:26]} 64. Rf6 {[%clk 0:19:04]} Ke4
{[%clk 0:14:22]} 65. Re6+ {[%clk 0:18:53]} Kf4 {[%clk 0:14:46]} 66. Kd3
{[%clk 0:17:40]} Ra4 {[%clk 0:13:43]} 67. Rg6 {[%clk 0:14:17]} Kf3
{[%clk 0:13:54]} 68. Kc3 {[%clk 0:14:41]} f4 {[%clk 0:14:05]} 69. Kb3
{[%clk 0:15:06]} Ra1 {[%clk 0:14:30]} 70. Kb4 {[%clk 0:15:30]} Ke3
{[%clk 0:12:53]} 71. Kb5 {[%clk 0:15:27]} f3 {[%clk 0:07:31]} 72. Re6+
{[%clk 0:15:52]} Kd4 {[%clk 0:07:54]} 73. Rf6 {[%clk 0:15:52]} Rb1+
{[%clk 0:08:11]} 74. Ka4 {[%clk 0:14:57]} Rf1 {[%clk 0:03:50]} 75. Kb3
{[%clk 0:14:38]} Ke3 {[%clk 0:02:51]} 76. Re6+ {[%clk 0:13:09]} Kd2
{[%clk 0:02:43]} 77. Rd6+ {[%clk 0:11:54]} Ke3 {[%clk 0:01:41]} 78. Re6+
{[%clk 0:12:20]} Kd4 {[%clk 0:01:48]} 79. Rf6 {[%clk 0:12:01]} Ke4
{[%clk 0:02:14]} 80. Rf7 {[%clk 0:07:48]} Ra1 {[%clk 0:01:43]} 81. Re7+
{[%clk 0:07:42]} Kd4 {[%clk 0:01:59]} 82. Rf7 {[%clk 0:07:40]} Ke3
{[%clk 0:02:15]} 83. Re7+ {[%clk 0:08:06]} Kd2 {[%clk 0:01:04]} 84. Rd7+
{[%clk 0:08:22]} Ke1 {[%clk 0:01:28]} 85. Re7+ {[%clk 0:08:48]} Kf1
{[%clk 0:01:21]} 86. Rxa7 {[%clk 0:09:12]} f2 {[%clk 0:01:48]} 87. Kc4
{[%clk 0:06:03]} Ke2 {[%clk 0:01:45]} 88. Re7+ {[%clk 0:06:29]} Kd2
{[%clk 0:02:12]} 89. Rf7 {[%clk 0:05:32]} f1=Q+ {[%clk 0:02:37]} 90. Rxf1
{[%clk 0:06:00]} Rxf1 {[%clk 0:03:02]} 91. Kb5 {[%clk 0:05:48]} Kc3
{[%clk 0:03:25]} 92. a7 {[%clk 0:06:15]} Rf8 {[%clk 0:03:46]} 93. Kc6
{[%clk 0:06:33]} Kb4 {[%clk 0:04:12]} 94. Kb7 {[%clk 0:06:59]} Rf7+
{[%clk 0:04:38]} 95. Kb6 {[%clk 0:07:26]} Rxa7 1/2-1/2

[Event "Tata Steel Masters"]
[Site "Wijk aan Zee"]
[Date "2016.01.31"]
[Round "13.3"]
[White "Eljanov, Pavel"]
[Black "Navara, David"]
[Result "1-0"]
[BlackElo "2730"]
[WhiteElo "2760"]
[LiveChessVersion "1.4.8-SNAPSHOT"]

1. d4 {[%clk 1:40:56]} Nf6 {[%clk 1:40:56]} 2. Nf3 {[%clk 1:41:22]} e6
{[%clk 1:41:19]} 3. c4 {[%clk 1:41:25]} b6 {[%clk 1:41:44]} 4. Nc3
{[%clk 1:41:41]} Bb7 {[%clk 1:41:43]} 5. e3 {[%clk 1:37:38]} Be7 {[%clk 1:36:23]}
6. b3 {[%clk 1:34:36]} O-O {[%clk 1:34:29]} 7. Bb2 {[%clk 1:30:42]} d5
{[%clk 1:34:21]} 8. cxd5 {[%clk 1:28:32]} Nxd5 {[%clk 1:33:26]} 9. Nxd5
{[%clk 1:27:39]} Qxd5 {[%clk 1:32:37]} 10. Bd3 {[%clk 1:25:51]} Qa5+
{[%clk 1:30:37]} 11. Nd2 {[%clk 1:10:57]} Bb4 {[%clk 1:02:15]} 12. a3
{[%clk 1:02:03]} Bxd2+ {[%clk 1:02:32]} 13. Qxd2 {[%clk 1:02:30]} Qh5
{[%clk 0:53:41]} 14. f3 {[%clk 0:51:52]} Nd7 {[%clk 0:51:09]} 15. O-O
{[%clk 0:46:10]} c5 {[%clk 0:51:31]} 16. Rac1 {[%clk 0:43:51]} Rfd8
{[%clk 0:50:15]} 17. b4 {[%clk 0:37:27]} Ne5 {[%clk 0:41:25]} 18. dxe5
{[%clk 0:29:44]} Ba6 {[%clk 0:41:35]} 19. Rc3 {[%clk 0:29:52]} c4
{[%clk 0:41:52]} 20. a4 {[%clk 0:30:08]} cxd3 {[%clk 0:32:59]} 21. Rfc1
{[%clk 0:23:32]} Qg5 {[%clk 0:29:35]} 22. Rc7 {[%clk 0:23:44]} h5
{[%clk 0:28:40]} 23. b5 {[%clk 0:21:54]} Bc8 {[%clk 0:28:57]} 24. R1c6
{[%clk 0:16:16]} a6 {[%clk 0:28:29]} 25. Rd6 {[%clk 0:13:00]} Rxd6
{[%clk 0:26:59]} 26. exd6 {[%clk 0:13:27]} axb5 {[%clk 0:26:53]} 27. axb5
{[%clk 0:08:27]} e5 {[%clk 0:17:25]} 28. d7 {[%clk 0:07:56]} Bxd7
{[%clk 0:17:46]} 29. Rxd7 {[%clk 0:08:23]} e4 {[%clk 0:18:11]} 30. fxe4
{[%clk 0:06:28]} Ra2 {[%clk 0:18:31]} 31. Rd5 {[%clk 0:04:21]} Qh4
{[%clk 0:18:55]} 32. g3 {[%clk 0:03:44]} Qxe4 {[%clk 0:19:09]} 33. Rxd3
{[%clk 0:03:33]} h4 {[%clk 0:17:17]} 34. Qc3 {[%clk 0:01:44]} Qg6
{[%clk 0:13:54]} 35. e4 {[%clk 0:02:00]} h3 {[%clk 0:13:55]} 36. Qc8+
{[%clk 0:02:21]} 1-0

[Event "Tata Steel Masters"]
[Site "Wijk aan Zee"]
[Date "2016.01.31"]
[Round "13.5"]
[White "Tomashevsky, Evgeny"]
[Black "Caruana, Fabiano"]
[Result "1-0"]
[BlackElo "2787"]
[WhiteElo "2728"]
[LiveChessVersion "1.4.8-SNAPSHOT"]

1. d4 {[%clk 1:40:52]} Nf6 {[%clk 1:40:54]} 2. c4 {[%clk 1:41:14]} e6
{[%clk 1:41:20]} 3. Nc3 {[%clk 1:41:28]} Bb4 {[%clk 1:41:44]} 4. e3
{[%clk 1:41:51]} b6 {[%clk 1:42:08]} 5. Nge2 {[%clk 1:39:26]} c5 {[%clk 1:42:24]}
6. a3 {[%clk 1:39:13]} Ba5 {[%clk 1:42:50]} 7. Rb1 {[%clk 1:37:52]} Na6
{[%clk 1:43:07]} 8. Ng3 {[%clk 1:36:00]} Bb7 {[%clk 1:40:36]} 9. f3
{[%clk 1:34:22]} O-O {[%clk 1:16:19]} 10. Bd3 {[%clk 1:28:45]} d5
{[%clk 1:14:10]} 11. O-O {[%clk 1:26:31]} cxd4 {[%clk 1:07:53]} 12. Nb5
{[%clk 1:15:45]} dxc4 {[%clk 0:47:15]} 13. Bxc4 {[%clk 1:15:26]} Rc8
{[%clk 0:47:41]} 14. Qe2 {[%clk 0:53:22]} Bd5 {[%clk 0:36:23]} 15. Bxd5
{[%clk 0:39:19]} Qxd5 {[%clk 0:36:48]} 16. e4 {[%clk 0:32:43]} Qa2
{[%clk 0:15:01]} 17. Bg5 {[%clk 0:29:06]} Rc4 {[%clk 0:13:57]} 18. Rbd1
{[%clk 0:19:11]} d3 {[%clk 0:08:44]} 19. Qxd3 {[%clk 0:15:09]} Rc5
{[%clk 0:05:07]} 20. Be3 {[%clk 0:13:12]} Qxb2 {[%clk 0:05:23]} 21. Bxc5
{[%clk 0:12:05]} Nxc5 {[%clk 0:05:41]} 22. Qe2 {[%clk 0:09:23]} Qxe2
{[%clk 0:05:44]} 23. Nxe2 {[%clk 0:09:51]} a6 {[%clk 0:06:09]} 24. Nd6
{[%clk 0:07:46]} b5 {[%clk 0:06:16]} 25. Nd4 {[%clk 0:07:49]} Bb6
{[%clk 0:04:11]} 26. Kh1 {[%clk 0:08:16]} g5 {[%clk 0:03:17]} 27. Nc6
{[%clk 0:07:29]} Kg7 {[%clk 0:03:40]} 28. g3 {[%clk 0:06:33]} h5 {[%clk 0:02:45]}
29. Rfe1 {[%clk 0:03:24]} Na4 {[%clk 0:01:58]} 30. Rd3 {[%clk 0:03:20]} Nc5
{[%clk 0:01:57]} 31. Rd2 {[%clk 0:02:40]} Nb3 {[%clk 0:01:08]} 32. Rc2
{[%clk 0:01:58]} Nc5 {[%clk 0:00:50]} 33. Kg2 {[%clk 0:02:12]} Na4
{[%clk 0:01:00]} 34. Rd1 {[%clk 0:01:47]} g4 {[%clk 0:01:02]} 35. Rd3
{[%clk 0:00:44]} Nc5 {[%clk 0:01:06]} 36. Rd1 {[%clk 0:01:04]} Na4
{[%clk 0:01:07]} 37. h3 {[%clk 0:00:36]} gxf3+ {[%clk 0:00:53]} 38. Kxf3
{[%clk 0:01:05]} Nh7 {[%clk 0:00:53]} 39. e5 {[%clk 0:01:12]} Bc5
{[%clk 0:00:34]} 40. Rd3 {[%clk 0:51:11]} f6 {[%clk 0:50:47]} 41. Kg2
{[%clk 0:40:39]} Bb6 {[%clk 0:50:15]} 42. exf6+ {[%clk 0:17:09]} Nxf6
{[%clk 0:50:08]} 43. Nd4 {[%clk 0:17:30]} Bxd4 {[%clk 0:49:46]} 44. Rxd4
{[%clk 0:17:54]} Nd5 {[%clk 0:48:13]} 45. Re4 {[%clk 0:16:05]} Rd8
{[%clk 0:37:35]} 46. Nb7 {[%clk 0:16:02]} Rd7 {[%clk 0:35:01]} 47. Na5
{[%clk 0:16:14]} Rd6 {[%clk 0:31:24]} 48. Rc6 {[%clk 0:15:45]} Rxc6
{[%clk 0:31:46]} 49. Nxc6 {[%clk 0:16:14]} Nc5 {[%clk 0:31:16]} 50. Re5
{[%clk 0:14:01]} Nd3 {[%clk 0:28:56]} 51. Rg5+ {[%clk 0:11:44]} Kh6
{[%clk 0:28:34]} 52. Rg8 {[%clk 0:09:41]} Ne3+ {[%clk 0:28:27]} 53. Kf3
{[%clk 0:09:48]} Nc4 {[%clk 0:28:52]} 54. Nb4 {[%clk 0:05:56]} Nde5+
{[%clk 0:28:49]} 55. Ke2 {[%clk 0:06:03]} a5 {[%clk 0:27:59]} 56. Nc2
{[%clk 0:06:28]} Nd7 {[%clk 0:27:45]} 57. Rc8 {[%clk 0:04:24]} Kg6
{[%clk 0:25:24]} 58. Rc7 {[%clk 0:03:11]} Nf6 {[%clk 0:23:49]} 59. Rc6
{[%clk 0:02:40]} Kf7 {[%clk 0:08:18]} 60. a4 {[%clk 0:16:50]} Nd5
{[%clk 0:23:32]} 61. axb5 {[%clk 0:16:47]} Ne5 {[%clk 0:23:58]} 62. Ra6
{[%clk 0:15:11]} Nc3+ {[%clk 0:17:04]} 63. Kf1 {[%clk 0:14:04]} 1-0